000
00274nam a2200109Ia 4500
005
20251222153543.0
008
251222s9999||||xx |||||||||||||| ||spa||
082
_a
323.4/C76
245
0
_a
Derechos Humanos en el Perú:
264
_b
Comisión Andina de Juristas
942
_c
LIB
999
_c
30546
_d
30546